000 00532nam a22001457a 4500
008 161013b xxu||||| |||| 00| 0 eng d
082 _22005
_aDFil 370.12076
_bV71
100 _916082
_aVillena, Danilo K.
245 _aThe LET connection:
_btowards a successful review (Measurement & evaluation, Introduction to research, & Guidance & counseling)/
_cDanilo K. Villena
260 _as.l. :
_bs.n.,
_cn.d.
300 _a100 pages;
_c22 cm.
650 0 _916083
_aEducation -- Examinations.
365 _b495.00
_cPhp.
942 _2ddc
_cDFIL
999 _c5175
_d5175